000 00499 a2200169 4500
040 _aDLC
_bDLC
100 1 _aNeamen, Donald A.
245 1 0 _aElectronic circuit analysis and design
_cDonald A. Neamen.
250 _a3rd ed.
260 _aNew Delhi:
_bTata McGraw-Hill,
_c2007.
300 _a1232 p. :
_bill. +
_e1 CD-ROM
490 1 _aElectronics and VLSI circuits.
500 _aIncludes index.
650 0 _aElectronic circuit design.
650 0 _aSemiconductors.
942 _cBK
_k621.3815 NEA
_2ddc
999 _c9908
_d9908